College Quizbowl Stats
College Quizbowl Stats
Circuits
Seasons
Sets
Records
Detailed Stats
About
Loading...
2024 ACF Regionals @ JMU
Tossups
Bonuses
Players
Teams
Categories (Tossup)
Categories (Bonus)
Jennifer Haller
James Madison A
Categories
Category
Powers
Gets
Negs
BBs
Points
Earliest Buzz
Avg. Buzz
First Buzzes
Top 3 Buzzes
BPA
PVF
Science - Biology
0
3
0
1
30
116
118.67
0
1
0.00
0.00
Science - Physics
0
1
0
0
10
127
127.00
0
0
0.00
0.00
Social Science
0
1
0
1
10
119
119.00
0
1
0.00
0.00
Buzzes
Category
Answer
Value
Buzz Position
Science - Biology
allergy
10
116
Science - Biology
sea stars
10
117
Social Science
macroeconomics
10
119
Science - Biology
pulmonary surfactant
10
123
Science - Physics
ratchets
10
127
Previous
1
Next